000 00749nam a2200265Ia 4500
003 OSt
005 20220918164610.0
006 a|||||r|||| 00| 0
007 ta
008 220917b |||||||| |||| 00| 0 eng d
020 _a0700713239 (hbk)
024 _a171,486
037 _cTextual
040 _aARTS
_cARTS
_beng
041 _2eng
_aeng
082 _aV447173:2, P1 (SC)
100 _aBarnes Gina L.
_919687
245 0 _aState formation in Korea
_b historical and archaeolgical perspectives
260 _aSurrey
_bCurzon
_c2001
300 _axxi, 245p.
_ccm.
490 _aDurham East Asia series
650 _aHISTORY
942 _hV447173:2, P1 (SC)
_cTEXL
_2CC
999 _c125549
_d125549